After the fine weather /

Saved in:
Bibliographic Details
Main Author: Gilbert, Michael, 1912-
Format: Book
Language:English
Published: London : Hodder & Stoughton, c1963.
LEADER 00767nam a2200217 a 4500
001 c000080225
003 CARM
005 19910606000000.0
008 810321s1963 enk 000 1 eng d
019 1 |a 5483760  |z 26470796  |5 LACONCORD2021 
035 |a (OCoLC)7079303  |5 LACONCORD2021 
040 |a NZOC  |b eng  |c NZOC  |d NZOC 
082 0 4 |a [Fic]  |2 19 
100 1 |a Gilbert, Michael,  |d 1912- 
245 1 0 |a After the fine weather /  |c by Michael Gilbert. 
260 |a London :  |b Hodder & Stoughton,  |c c1963. 
300 |a 190 p. 
500 |a Novel. 
852 8 |b CARM  |h A2:AB27B0  |i B02634  |p 0113946  |f BK 
999 f f |i 6a3c721f-fe74-5b0a-87da-0de2990c8375  |s f98ebe13-6981-5154-8ea8-93e8129ef224 
952 f f |p Can circulate  |a CAVAL  |b CAVAL  |c CAVAL  |d CARM 1 Store  |e B02634  |f A2:AB27B0  |h Other scheme  |i book  |m 0113946